Largest Hotel Chains in the World - Statistics

General Stats
  • This quiz has been taken 262 times
  • The average score is 3 of 10
Answer Stats
Rank Answer # of properties % Correct
5 Hilton Worldwide 4,727
94%
3 Marriott International 5,974
76%
7 Best Western Hotels 4,196
41%
4 Intercontinental Hotels Group 5,070
39%
1 Wyndham Worldwide 8,092
25%
10 Motel 6 1,330
21%
2 Choice Hotels 6,429
10%
6 AccorHotels 4,200
6%
8 Jin Jiang International 3,090
3%
9 Home Inns 3,000
0%
No matching quizzes found
Score Distribution
Percent of People with Each Score
Percentile by Number Answered
Your Score History
You have not taken this quiz